La lectura mágica de Coni y su amigo Sócrates /

Detalles Bibliográficos
Autor principal: Mejía Marenco, Blas José (Autor)
Otros Autores: Ron Tripaldi, Iris (Ilustrador)
Formato: Electrónico eBook
Lenguaje:español
Publicado: Cuenca, Ecuador : Universidad del Azuay, Casa Editora, [2025]
Colección:Litterae (Cuenca, Ecuador)
Materias:
Acceso en línea:Digitalia Hispánica

MARC

LEADER 00000nam a2200000 i 4500
001 DIGUAZUAY0311
003 NyNyDIG
007 cr |||||||||||
008 260120s2025 ec a o 000 f spa d
006 m o d
035 |a (OCoLC)1536988824 
040 |a DGITA  |b eng  |e rda  |e pn  |c DGITA 
020 |a 9789942670793  |q eBook 
020 |z 9789942670786 
050 1 4 |a B162.9 ebook 
100 1 |a Mejía Marenco, Blas José,  |e author. 
245 1 3 |a La lectura mágica de Coni y su amigo Sócrates /  |c Blas José Mejía Marenco ; ilustraciones de Iris Ron Tripaldi. 
264 1 |a Cuenca, Ecuador :  |b Universidad del Azuay, Casa Editora,  |c [2025] 
300 |a 1 online resource :  |b color illustrations. 
336 |a text  |b txt  |2 rdacontent 
337 |a computer  |b c  |2 rdamedia 
338 |a online resource  |b cr  |2 rdacarrier 
347 |a text file  |2 rdaft 
347 |b PDF 
490 1 |a Litterae 
588 0 |a Online resource; title from PDF title page (Digitalia, viewed January 20, 2026) 
650 0 |a Philosophy, Ancient  |v Juvenile literature. 
655 7 |a Fiction.  |2 lcgft 
700 1 |a Ron Tripaldi, Iris,  |e illustrator. 
791 2 |a Digitalia (Firm),  |e distributor. 
793 0 |g Digitalia eBook Collection:  |a Universidad del Azuay 
776 0 8 |i Print version:  |a Mejía Marenco, Blas José.  |t Lectura mágica de Coni y su amigo Sócrates.  |d Cuenca, Ecuador : Universidad del Azuay, Casa Editora, [2025]  |z 9789942670786 
830 0 |a Litterae (Cuenca, Ecuador) 
856 4 0 |3 Digitalia Hispánica  |u https://www.digitaliapublishing.com/a/180875/ 
910 |a Premium collection: 2026